000 00357nam a2200133Ia 4500
008 230312s9999||||xx |||||||||||||| ||und||
082 _a1010.7
_bQUR-A
100 _aQureshi;Abid,Hussain
245 0 _aArt of Pakistan Indigenous Elements and western Ingluences
260 _bcooperative
_aPak
_c2017
300 _a385
650 _aArchitecture
942 _cBK
999 _c11994
_d11994